00419nam a2200181Ia 4500008004100000020001800041050001400059100001700073245003400090245002000124260001500144260001600159260000900175300001500184300002000199300001000219500000800229170918s9999 xx 000 0 und d a9780439662130 bZ947 1998 aZullo, Allan aTrue tales of animal heroes / cby Allan Zullo. aNew York : bScholastic, c1998 a94 pages : billustrations ; c19cm. a780